[Event "Metz op 37th"]
[Site "Metz"]
[Date "2019.04.14"]
[Round "9"]
[White "Llapasset, Jean Louis"]
[Black "Alok, Sinha"]
[Result "0-1"]
[WhiteElo "2062"]
[BlackElo "2271"]
[PlyCount "78"]
[EventDate "2019.04.08"]
[EventType "swiss"]
[EventRounds "9"]
[EventCountry "FRA"]
[SourceTitle "CBM 189 Extra"]
[Source "ChessBase"]
[SourceDate "2019.06.03"]
[SourceVersion "1"]
[SourceVersionDate "2019.06.03"]
[SourceQuality "1"]

1. e4 c5 2. Nf3 d6 3. d4 cxd4 4. Nxd4 Nf6 5. Nc3 g6 6. Be3 Bg7 7. f3 0-0 8. Qd2 Nc6 9. 0-0-0 Nxd4 10. Bxd4 Be6 11. Kb1 Qc7 12. h4 Rfc8 13. h5 Qa5 14. hxg6 fxg6 15. a3 Rab8 16. Bd3 Bf7 17. g4 b5 18. g5 Nh5 19. Bxg7 Kxg7 20. Nd5 Qxd2 21. Rxd2 Bxd5 22. exd5 b4 23. a4 a5 24. Rdh2 Rc5 25. Rxh5 gxh5 26. Rxh5 Rh8 27. Be4 h6 28. gxh6+ Rxh6 29. Rg5+ Kf7 30. b3 Rc8 31. Rg2 Rg8 32. Rd2 Kf6 33. Kb2 Rh1 34. c3 Rhg1 35. Bc2 R1g2 36. Rd4 Rc8 37. Rf4+ Kg7 38. Rg4+ Rxg4 39. fxg4 Rxc3 0-1

[Event "Metz op 37th"]
[Site "Metz"]
[Date "2019.04.13"]
[Round "8"]
[White "Haenssel, Christian"]
[Black "Llapasset, Jean Louis"]
[Result "0-1"]
[WhiteElo "2087"]
[BlackElo "2062"]
[PlyCount "68"]
[EventDate "2019.04.08"]
[EventType "swiss"]
[EventRounds "9"]
[EventCountry "FRA"]
[SourceTitle "CBM 189 Extra"]
[Source "ChessBase"]
[SourceDate "2019.06.03"]
[SourceVersion "1"]
[SourceVersionDate "2019.06.03"]
[SourceQuality "1"]

1. c4 Nf6 2. g3 e5 3. Bg2 h6 4. Nc3 Bb4 5. e4 Bxc3 6. bxc3 d6 7. Ne2 b6 8. 0-0 0-0 9. d3 Qe7 10. Be3 Nbd7 11. f4 Bb7 12. h3 c6 13. Qd2 d5 14. fxe5 Nxe5 15. cxd5 cxd5 16. Nd4 dxe4 17. Nf5 Qe6 18. Nxg7 Kxg7 19. Bxh6+ Kh7 20. Qg5 Rg8 21. Qxf6 Rxg3 22. Qxe6 fxe6 23. Bf4 Rxg2+ 24. Kxg2 exd3+ 25. Kf2 Nc6 26. Rfe1 Rf8 27. Kg3 e5 28. Bxe5 Rf3+ 29. Kg4 d2 30. Bd4 dxe1Q 31. Rxe1 Rf7 32. Re8 Kg6 33. Re6+ Kh7 34. Re8 Kh6 0-1

[Event "FRA-ch op-A"]
[Site "Chartres"]
[Date "2019.??.??"]
[Round "2"]
[White "Llapasset, Jean Louis"]
[Black "Meunier Pion, Jean"]
[Result "0-1"]
[WhiteElo "2065"]
[BlackElo "2171"]
[PlyCount "82"]
[EventDate "2019.08.17"]
[EventType "swiss"]
[EventRounds "9"]
[EventCountry "FRA"]
[SourceTitle "EXT 2020"]
[Source "ChessBase"]
[SourceDate "2019.10.17"]
[SourceVersion "1"]
[SourceVersionDate "2019.10.17"]
[SourceQuality "1"]

1. e4 c5 2. Nf3 d6 3. d4 cxd4 4. Nxd4 Nf6 5. Nc3 a6 6. f3 e6 7. Be3 b5 8. Qd2 Bb7 9. g4 Be7 10. g5 Nfd7 11. a4 b4 12. Nce2 d5 13. exd5 Bxd5 14. Bg2 Nb6 15. b3 Bb7 16. h4 g6 17. h5 Rg8 18. hxg6 hxg6 19. 0-0-0 e5 20. Ne6 Qxd2+ 21. Rxd2 fxe6 22. Bxb6 Bxg5 23. Rh7 Bxd2+ 24. Kxd2 Nd7 25. Ba5 g5 26. Bh3 Bd5 27. Bxb4 Nf8 28. Re7+ Kd8 29. Ke3 Rb8 30. Ba3 Bxb3 31. Rf7 Nd7 32. Nc3 Rg6 33. Ne4 Bxc2 34. Be7+ Kc8 35. Nxg5 Bb3 36. Bf1 Rb6 37. Ne4 Bxa4 38. Bc4 Bb3 39. Nd6+ Rxd6 40. Bxb3 Rd4 41. Rh7 Nb6 0-1

[Event "FRA-ch Accession"]
[Site "Aix les Bains"]
[Date "2003.08.28"]
[Round "1"]
[White "Llapasset, Jean Louis"]
[Black "Cornette, Matthieu"]
[Result "1/2-1/2"]
[WhiteElo "2200"]
[BlackElo "2366"]
[PlyCount "138"]
[EventDate "2003.08.19"]
[EventType "swiss"]
[EventRounds "11"]
[EventCountry "FRA"]
[SourceTitle "EXT 2004"]
[Source "ChessBase"]
[SourceDate "2003.11.25"]
[SourceVersion "1"]
[SourceVersionDate "2003.11.25"]
[SourceQuality "1"]

1. e4 Nf6 2. e5 Nd5 3. d4 d6 4. Nf3 g6 5. Bc4 Nb6 6. Bb3 Bg7 7. 0-0 0-0 8. a4 Bg4 9. h3 Bxf3 10. Qxf3 Nc6 11. c3 dxe5 12. a5 Nd7 13. a6 Qc8 14. Bd5 Ndb8 15. axb7 Qxb7 16. dxe5 e6 17. Be4 Qb6 18. Bf4 Bxe5 19. Nd2 f5 20. Bd5 Re8 21. Rae1 Qc5 22. Bb3 Nd7 23. Be3 Qb5 24. Bc4 Qb7 25. Nb3 Bd6 26. Bd4 Kf7 27. g4 Na5 28. Qxb7 Nxb7 29. Bb5 Re7 30. Bc6 Rb8 31. Bxa7 Nd8 32. Ba4 Rb7 33. Be3 f4 34. Bc1 Ne5 35. Rxe5 Bxe5 36. Nc5 Ra7 37. Bc2 Bd6 38. Ne4 e5 39. Rd1 Ra6 40. b4 Ne6 41. Bb3 h6 42. Kg2 Kg7 43. h4 g5 44. h5 Nf8 45. Bb2 Nd7 46. Bd5 Nf6 47. Nxf6 Kxf6 48. Kf3 Re8 49. Ke4 Rd8 50. Bb3 Rb6 51. Bc4 Rbb8 52. Ba6 c5 53. b5 Bc7 54. Rd5 Rxd5 55. Kxd5 Rd8+ 56. Kc6 Bb8 57. b6 e4 58. Ba3 Be5 59. Bxc5 Bxc3 60. Bd6 Be5 61. Bc7 Rf8 62. Kd5 Re8 63. Bb5 Bxc7 64. bxc7 Rf8 65. Kd6 e3 66. fxe3 fxe3 67. Kd7 Ke5 68. c8Q Rxc8 69. Kxc8 Kf4 1/2-1/2

[Event "Uzes op"]
[Site "Uzes"]
[Date "1989.??.??"]
[Round "7"]
[White "Llapasset, Jean Louis"]
[Black "Girard, Jean Pierre"]
[Result "1-0"]
[WhiteElo "2150"]
[BlackElo "1980"]
[PlyCount "81"]
[EventDate "1989.??.??"]
[EventType "swiss"]
[EventRounds "9"]
[EventCountry "FRA"]
[SourceTitle "EXT 1997"]
[Source "ChessBase"]
[SourceDate "1996.11.15"]
[SourceVersion "1"]
[SourceVersionDate "1996.11.15"]
[SourceQuality "1"]

1. e4 c5 2. Nc3 d6 3. f4 e6 4. Nf3 a6 5. a4 Nd7 6. Bc4 Ne7 7. 0-0 Nc6 8. d3 Nb6 9. Ba2 Be7 10. Be3 Bd7 11. Ng5 g6 12. Qg4 Bxg5 13. fxg5 Ne5 14. Qf4 Bc6 15. Bxc5 dxc5 16. Qxe5 Qd4+ 17. Qxd4 cxd4 18. Ne2 Bxa4 19. Nxd4 Rd8 20. c3 Ke7 21. Rf3 Be8 22. Raf1 Nd7 23. Re3 Ne5 24. Rd1 h5 25. Nf3 Nc6 26. d4 h4 27. d5 Na5 28. b4 Nc6 29. Rd2 Na7 30. c4 h3 31. g4 Nc8 32. c5 Na7 33. Ne5 Nc6 34. Nxc6+ Bxc6 35. Rf2 Be8 36. Rf6 Rh4 37. Rg3 Bb5 38. Kf2 Be8 39. Ke3 Bb5 40. Bb3 Rh7 41. Kf4 1-0

[Event "Uzes op"]
[Site "Uzes"]
[Date "1989.??.??"]
[Round "1"]
[White "Llapasset, Jean Louis"]
[Black "Le Bugle, P."]
[Result "1-0"]
[WhiteElo "2150"]
[BlackElo "1640"]
[PlyCount "49"]
[EventDate "1989.??.??"]
[EventType "swiss"]
[EventRounds "9"]
[EventCountry "FRA"]
[SourceTitle "EXT 1997"]
[Source "ChessBase"]
[SourceDate "1996.11.15"]
[SourceVersion "1"]
[SourceVersionDate "1996.11.15"]
[SourceQuality "1"]

1. e4 c5 2. Nc3 Nc6 3. g3 g6 4. Bg2 Bg7 5. f4 d6 6. Nf3 e6 7. 0-0 Nge7 8. d3 0-0 9. Be3 a6 10. Rb1 Rb8 11. Ne2 b5 12. c3 Bb7 13. d4 c4 14. g4 f5 15. Ng5 Bc8 16. gxf5 exf5 17. d5 h6 18. Nh3 Na5 19. e5 Qc7 20. Qd2 Nb7 21. Rbd1 Rd8 22. Ba7 Ra8 23. Qe3 Re8 24. Bb6 Qd7 25. e6 1-0